Gyermekkori thromboemboliák klinikuma és kezelése

Elmentve itt :
Bibliográfiai részletek
Szerző: Kardos Mária
Dokumentumtípus: Könyv része
Megjelent: 2008
Sorozat:Tiszaparti esték 9
Tiszaparti esték : gyermekgyógyászati továbbképző előadások 2007-2008 9
Kulcsszavak:Gyermekgyógyászat, Trombózis
Tárgyszavak:
Online Access:http://acta.bibl.u-szeged.hu/18945
LEADER 00792naa a2200217 i 4500
001 acta18945
005 20220318164819.0
008 161015s2008 hu o 0|| hun d
022 |a 1588-3515 
040 |a SZTE Egyetemi Kiadványok Repozitórium  |b hun 
041 |a hun 
100 1 |a Kardos Mária 
245 1 0 |a Gyermekkori thromboemboliák klinikuma és kezelése  |h [elektronikus dokumentum] /  |c  Kardos Mária 
260 |c 2008 
300 |a 172-179 
490 0 |a Tiszaparti esték  |v 9 
490 0 |a Tiszaparti esték : gyermekgyógyászati továbbképző előadások 2007-2008  |v 9 
650 4 |a Orvos- és egészségtudomány 
650 4 |a Klinikai orvostan 
695 |a Gyermekgyógyászat, Trombózis 
856 4 0 |u http://acta.bibl.u-szeged.hu/18945/1/tiszaparti_2007_172-179.pdf  |z Dokumentum-elérés